000 00607nam a22002057a 4500
003 BD-DhJNU
005 20250918070439.0
008 250918b |||||||| |||| 00| 0 eng d
020 _a9780691009322
020 _a0691009325
040 _aBD-DhJNU
_bENG
_cBD-DhJNU
_dBD-DhJNU
082 _223
_a996.9
100 _aMerry, Sally Engle
245 _aColonizing hawai'i :
_bthe cultural power of law /
_cSally Engle Merry
260 _aNew Jersey :
_bPrinceton University Press,
_c1944.
300 _axii, 371 p. :
_bill. ;
_c23 cm.
504 _aincludes index
650 _aCultural Law
942 _2ddc
_cBK
_n0
999 _c2134
_d2134